000 00665cam a2200193 4500
001 WB3705-41
008 000000n2001 000 0 eng u
035 _a(Sirsi) u110711
245 _aSluggish activity slows to snails' pace
260 _c2001
490 _aRICS Press Release
_v(pr012) 1 February 2001, (2)
520 _aThe RICS Rural Property Survey for 4Q 2000 is published. This reveals a continued fall in farmland availability, and a drop in land prices from £7096 per hectare in 3Q, to £6445 in 4Q.
590 _aWB
650 _aRICS SURVEY
650 _aRURAL PROPERTY
650 _aFARMLAND VALUES
690 _aRURAL-MARKET
942 _n0
999 _c65979
_d65979